000 00508nam a2200193Ia 4500
008 170918s9999 xx 000 0 und d
020 _a9780439116640
050 _bB192 1996
100 _aBallinger, Margaret
245 _aMaking mountains /
245 _cby Margaret Ballinger and Rachel Gosset ; illustrated by Alison Kubbos.
260 _aNew York :
260 _bScholastic,
260 _c1996
300 _aunpaged :
300 _bcolored illustration ;
300 _c18cm.
500 _aBR
999 _c342809
_d342809